000 00352nam a2200145Ia 4500
005 20260330112748.0
008 260330s9999||||xx |||||||||||||| ||und||
020 _a8493776756
041 _aspa
245 0 _aFaltan 10 Minutos Para Dormir /
250 _a1 ed.
260 _aBarcelona,España :
_bEdiciones Ekaré.
650 _aCUENTO
942 _cBKL
999 _c3346
_d3346